PRINCIPLES OF MANAGEMENT (Record no. 6274)
[ view plain ]
| 000 -LEADER | |
|---|---|
| fixed length control field | 00246nam a2200121Ia 4500 |
| 003 - CONTROL NUMBER IDENTIFIER | |
| control field | SGT |
| 082 ## - DEWEY DECIMAL CLASSIFICATION NUMBER | |
| Classification number | 658,TRI |
| 245 ## - TITLE STATEMENT | |
| Title | PRINCIPLES OF MANAGEMENT |
| 260 ## - PUBLICATION, DISTRIBUTION, ETC. (IMPRINT) | |
| Name of publisher, distributor, etc | TMH |
| Place of publication, distribution, etc | N.Delhi |
| Year of Publication | 2012 |
| 300 ## - PAGE DESCRIPTION | |
| No. of Pages | 454p. |
| 650 ## - SUBJECT ADDED ENTRY--TOPICAL TERM | |
| Topical term or geographic name as entry element | MANAGEMENT |
| 942 ## - ADDED ENTRY ELEMENTS (KOHA) | |
| Source of classification or shelving scheme | Dewey Decimal Classification |
| Koha item type | FCM Books |
| 942 ## - ADDED ENTRY ELEMENTS (KOHA) | |
| -- | 5 |
| Withdrawn status | Lost status | Source of classification or shelving scheme | Damaged status | Not for loan | Collection code | Home library | Current library | Shelving location | Date acquired | Vendor Name | Cost, normal purchase price | SGTU | Bill Number | Total Checkouts | Full call number | Accession No. (Barcode) | Date last seen | Date last borrowed | Bill Date | Koha item type |
|---|---|---|---|---|---|---|---|---|---|---|---|---|---|---|---|---|---|---|---|---|
| Dewey Decimal Classification | COMMERCE MANAGEMENT | SGT Science & Social Sciences Library | SGT Science & Social Sciences Library | Text Book | 22/08/2013 | IBH | 399.00 | SGTU | 8777 | 29 | 658,TRI | CM39 | 10/01/2025 | 04/01/2025 | 22/08/2013 | FCM Books |